000 00718nam a2200217Ia 4500
001 17479
003 GE_BSU
008 181216s||||||||xx |||||||||||||| ||und||
040 _cGE_BSU
080 _a94(479.22)
100 _aნატროშვილი, თ.
245 _aმაშრიყით მაღრიბამდე
245 _b[ეპიზოდები საქართველოს ისტორიიდან]
245 _cრედ.: ვ.გაბაიძე
260 _aთბილისი
260 _bგანათლება
260 _c1974
300 _a240გვ. ; 21სმ.
653 _aსაქართველოს ისტორია
942 _cBK
999 _c50530
_d50530